|
|
|
|
| LEADER |
00000nam a22000004a 4500 |
| 001 |
AR-BbUGT4984 |
| 003 |
AR-BbUGT |
| 005 |
20211012094855.0 |
| 007 |
ta |
| 008 |
131118t2007 cu |0|||0|spa d |
| 040 |
|
|
|a AR-BbUGT
|b spa
|c AR-BbUGT
|
| 082 |
0 |
4 |
|a 551.6
|
| 100 |
1 |
|
|a Centella Artola, Abel.
|
| 245 |
1 |
0 |
|a Adaptación al cambio climático:
|b la sequía meteorológica y agrícola en la República de Cuba y la República Dominicana /
|c Abel Centella Artola...[et. al].
|
| 260 |
|
|
|a Cuba :
|b Proyecto PNUD/ACDI,
|c 2007.
|
| 300 |
|
|
|a 174 p. ;
|c 30 cm.
|
| 651 |
|
4 |
|a Cuba
|9 737
|
| 653 |
|
|
|a República Dominicana
|
| 653 |
|
|
|a Cambio Climático
|
| 653 |
|
|
|a Sequía
|
| 700 |
1 |
|
|a Lapinel Pedroso, Braulio.
|
| 700 |
1 |
|
|a Solano Ojeda, Oscar.
|
| 942 |
|
|
|c BK
|h 551.6
|i C333
|2 ddc
|6 551_600000000000000_C333
|
| 999 |
|
|
|c 11708
|d 11708
|